[Event "Gibraltar Open"]
[Site "Caleta ENG"]
[Date "2012.01.27"]
[Round "4.40"]
[White "Agrest,I"]
[Black "Al Sayed,Mohamad"]
[Result "0-1"]
[WhiteElo "2189"]
[BlackElo "2524"]

1.e4 d6 2.d4 Nf6 3.Nc3 e5 4.Nf3 Nbd7 5.g4 Nxg4 6.Rg1 Ngf6 7.Be3 c6 8.Qd2 b5
9.a3 Bb7 10.O-O-O a5 11.dxe5 dxe5 12.Nxb5 cxb5 13.Bxb5 Bb4 14.Qe2 Qe7 15.Bg5 Bc8
16.Nh4 h6 17.Nf5 hxg5 18.Nxe7 Bxe7 19.Rxg5 Kf8 20.Rg2 Nc5 21.f3 Be6 22.Bc4 Nh5
23.Rgg1 Nf4 24.Qf1 Rxh2 25.Bxe6 Ncxe6 26.Rh1 Rh6 27.c3 Nc5 28.Rxh6 gxh6 29.Qb5 a4
30.Qc6 Ra6 31.Qc8+ Kg7 32.Qc7 Re6 33.Kc2 h5 34.Rd5 h4 35.Rxc5 Bxc5 36.Qxc5 h3
37.Qg1+ Rg6 38.Qc5 Rg2+ 39.Kd1 Nd3 40.Qe7 h2  0-1

[Event "Gibraltar Open"]
[Site "Caleta ENG"]
[Date "2012.01.27"]
[Round "4.60"]
[White "Carlsten,P"]
[Black "Sanchez,Lo"]
[Result "1-0"]
[WhiteElo "2030"]
[BlackElo "2261"]

1.e4 d6 2.d4 Nf6 3.Nc3 e5 4.Nf3 Nbd7 5.Bc4 Be7 6.O-O O-O 7.Re1 c6 8.a4 b6
9.Bb3 a6 10.Bg5 h6 11.Bh4 Nh5 12.Nxe5 dxe5 13.Bxe7 Qxe7 14.Qxh5 exd4 15.Ne2 Qxe4
16.Ng3 Qf4 17.Re4 Qf6 18.Rd1 c5 19.Bd5 Rb8 20.Nf5 g6 21.Nxh6+ Kg7 22.Qh3 Qg5
23.Nxf7 Rxf7 24.Bxf7 Ne5 25.Rxe5 Qxe5 26.Qb3 Qe2 27.Rf1 Bf5 28.Bc4 Qxc2 29.Qg3 Re8
30.Qc7+ Kh6 31.Qf7 Qxa4 32.g4 Bxg4 33.Qf4+ Kg7 34.Qf7+ Kh6 35.Qf4+ Kh5 36.Bf7 Re7
37.h4 Kxh4 38.Qf6+ Kh3 39.Bd5 Bf5 40.Qg5 Re3 41.Bg2+  1-0

[Event "Gibraltar Open"]
[Site "Caleta ENG"]
[Date "2012.01.27"]
[Round "4.56"]
[White "Georgiadis,N"]
[Black "Kandic,Mila"]
[Result "1-0"]
[WhiteElo "2291"]
[BlackElo "2131"]

1.e4 d6 2.d4 Nf6 3.Nc3 e5 4.Nf3 Nbd7 5.Bc4 Be7 6.O-O O-O 7.Re1 c6 8.a4 Qc7
9.a5 Re8 10.h3 Nf8 11.Bf1 Ng6 12.Be3 h6 13.Qd2 Nh5 14.g3 Bf8 15.Bg2 Bd7 16.Kh2 b5
17.axb6 axb6 18.d5 c5 19.Qe2 Nf6 20.Nd2 b5 21.Nxb5 Bxb5 22.Qxb5 Rab8 23.Qd3 Rxb2
24.Nb3 Rb8 25.Qc3 R2xb3 26.cxb3 Qb6 27.Reb1 Qb5 28.Bf1 Qd7 29.f3 Rb4 30.Bc4 Nh5
31.Qd3 Qe7 32.Ra4 Rb8 33.b4 cxb4 34.Rbxb4 Rxb4 35.Rxb4 Qf6 36.Qf1 Qd8 37.Qa1 Kh7
38.Rb7 Qf6 39.Be2 Be7 40.Qa7 Kg8 41.Qa8+ Kh7 42.Qa7 Kg8 43.Qa1 Kh7 44.Qg1 Kg8
45.Qf2 Kh7 46.Rb1 Bd8 47.Ra1 Kg8 48.Bb5 Nf8 49.Ra7 g5 50.Be8 Be7 51.Bd7 Ng6
52.Bf5 Bf8 53.Bxg6 Qxg6 54.Qc2 Nf6 55.Qc8 Kg7 56.g4 h5 57.Kg2 hxg4 58.hxg4 Kg8
59.Bd2 Kg7 60.Bb4 Nh7 61.Qe6 Qf6 62.Bd2 Qg6 63.Bc1 Qf6 64.Rd7 Qg6 65.Ra7 Qf6
66.Qxf6+ Kxf6 67.Ba3 Be7 68.Ra6 Nf8 69.Bxd6 Bxd6 70.Rxd6+ Ke7 71.Ra6  1-0

[Event "11th Marienbad IMB1"]
[Site "Marianske Lazne CZE"]
[Date "2012.01.27"]
[Round "8"]
[White "Weinwurm,W"]
[Black "Neuman,P"]
[Result "0-1"]
[WhiteElo "2200"]
[BlackElo "2459"]

1.e4 d6 2.d4 Nf6 3.Nc3 e5 4.Nf3 Nbd7 5.Bc4 Be7 6.O-O O-O 7.Re1 c6 8.a4 a5
9.h3 Nb6 10.Bb3 Nfd7 11.Be3 exd4 12.Bxd4 Nc5 13.Bxc5 dxc5 14.Qe2 Qd6 15.Nd2 Qg6
16.Qf3 Be6 17.Ne2 c4 18.Ba2 Bg5 19.Nf1 Nxa4 20.Bxc4 Bxc4 21.Rxa4 b5 22.Raa1 f5
23.Neg3 fxe4 24.Qxe4 Qf7  0-1

[Event "17th HIT Open A"]
[Site "Nova Gorica SLO"]
[Date "2012.01.27"]
[Round "1"]
[White "Znidarcic,A"]
[Black "Menon,Michele"]
[Result "1-0"]
[WhiteElo "2167"]
[BlackElo "1786"]

1.e4 d6 2.d4 Nf6 3.Nc3 c6 4.Nf3 Bg4 5.h3 Bh5 6.Bd3 Nbd7 7.Be3 e5 8.Qd2 b5
9.g4 Bg6 10.g5 b4 11.gxf6 bxc3 12.Qxc3 Qc7 13.fxg7 Bxg7 14.d5 c5 15.Nh4 Rb8
16.O-O-O Nb6 17.b3 c4 18.Nxg6 hxg6 19.Bxb6 Qxb6 20.Bxc4 Qxf2 21.Bb5+ Kf8
22.Rhf1 Qb6 23.Bd7 Bh6+ 24.Kb1 Bf4 25.Rxf4 exf4 26.Qxh8+ Ke7 27.Qg7  1-0

[Event "12th ch-CRO"]
[Site "Opatija CRO"]
[Date "2012.01.27"]
[Round "11.1"]
[White "Saric,Iv"]
[Black "Jovanovic,Zo CRO"]
[Result "1-0"]
[WhiteElo "2651"]
[BlackElo "2556"]

1.e4 d6 2.d4 Nf6 3.Nc3 e5 4.Nf3 Nbd7 5.Bc4 Be7 6.O-O O-O 7.Re1 c6 8.a4 a5
9.Ba2 Qb6 10.h3 exd4 11.Qxd4 Qb4 12.Qe3 Ne5 13.Nd4 Bd8 14.Bd2 Nc4 15.Bxc4 Qxc4
16.b3 Qc5 17.Qd3 Re8 18.Bf4 Bc7 19.Rad1 Nd7 20.Nf5 Ne5 21.Qg3 g6 22.Re3 Kh8
23.Bg5 Bxf5 24.exf5 Nd7 25.fxg6 fxg6 26.Be7 Qf5 27.Bxd6 Rxe3 28.Qxe3 Bb6
29.Qf4 Qxc2 30.Be5+ Nxe5 31.Qxe5+ Kg8 32.Qe6+ Kg7 33.Rd7+ Kh6 34.Qf6 Qf5
35.Qh4+ Qh5 36.Qf4+ g5 37.Qe5 Rg8 38.Ne4 Qe2 39.Qf6+  1-0

[Event "Gibraltar Open"]
[Site "Caleta ENG"]
[Date "2012.01.28"]
[Round "5.20"]
[White "Felgaer,R"]
[Black "Carlsten,P"]
[Result "1-0"]
[WhiteElo "2571"]
[BlackElo "2030"]

1.e4 d6 2.d4 Nf6 3.Nc3 e5 4.Nf3 Nbd7 5.Bc4 Be7 6.O-O O-O 7.Re1 c6 8.a4 b6
9.Bg5 a6 10.d5 c5 11.Rb1 Ne8 12.Be3 Nc7 13.b4 cxb4 14.Rxb4 a5 15.Rb1 Ba6
16.Bb5 Bxb5 17.axb5 Rb8 18.Qd3 g6 19.Bh6 Re8 20.Na4 Bf8 21.Bc1 Nc5 22.Nxc5 dxc5
23.Bb2 Bd6 24.Nd2 Qd7 25.Ba1 f6 26.Nc4 Qe7 27.h3 Rf8 28.Re2 Qd7 29.Qb3 Kg7
30.f4 Rfe8 31.fxe5 fxe5 32.Rf2 Re7 33.Qg3 Rbe8 34.Nxb6 Qd8 35.Nc4 Na8 36.Qg5  1-0

[Event "Gibraltar Open"]
[Site "Caleta ENG"]
[Date "2012.01.28"]
[Round "5.88"]
[White "Marder,S"]
[Black "Ortega Ruiz,J"]
[Result "0-1"]
[WhiteElo "2032"]
[BlackElo "2288"]

1.d4 Nf6 2.Nc3 d6 3.e4 c6 4.Be2 b5 5.a3 e5 6.Nf3 Nbd7 7.O-O Be7 8.d5 cxd5
9.Nxd5 a6 10.Nxe7 Qxe7 11.a4 bxa4 12.Nh4 Nc5 13.Nf5 Bxf5 14.exf5 O-O 15.f4 Rab8
16.Ra2 Rb4 17.c3 Rbb8 18.fxe5 dxe5 19.Bg5 Rfd8 20.Qe1 Nce4 21.Bc1 Nc5 22.Bg5 h6
23.Be3 Nd5 24.f6 Nxf6 25.Rxf6 gxf6 26.Bxh6 Ne4 27.Be3 a3 28.b4 f5 29.Rxa3 f4
30.Bc1 Qa7+ 31.Kf1 f5 32.Rxa6 Qh7 33.Kg1 Ra8 34.b5 Rxa6 35.bxa6 Qa7+ 36.Kf1 Kg7
37.c4 Rh8 38.Bf3 Rxh2 39.Ke2 Rh1 40.Qb4 Qf2+ 41.Kd3 Nc5+  0-1

[Event "TCh-CAT 2012"]
[Site "Catalunya ESP"]
[Date "2012.01.28"]
[Round "1.3"]
[White "Fluvia Poyatos,Jor"]
[Black "Baron Isanta,J"]
[Result "1-0"]
[WhiteElo "2470"]
[BlackElo "2354"]

1.e4 d6 2.d4 Nf6 3.Nc3 c6 4.Nf3 g6 5.Be3 Qb6 6.Qc1 Bg7 7.h3 O-O 8.Bd3 Re8
9.O-O Qc7 10.e5 Nd5 11.exd6 exd6 12.Nxd5 cxd5 13.Bh6 Nc6 14.c3 Qe7 15.Re1 Be6
16.Bg5 f6 17.Bf4 Qd7 18.Bg3 Rad8 19.Qf4 g5 20.Qd2 Bf8 21.Qc2 Rc8 22.Re2 Re7
23.Rae1 Nb4 24.Bxh7+ Rxh7 25.Qg6+ Rg7 26.Qxf6 Bf5 27.Nxg5 Rg6 28.Nh7 Kxh7
29.Re7+ Bg7 30.Qh4+ Rh6 31.Qg5  1-0

[Event "15th Metropolitan IM"]
[Site "Los Angeles USA"]
[Date "2012.01.28"]
[Round "6"]
[White "Clawitter,C"]
[Black "Kavutskiy,K"]
[Result "0-1"]
[WhiteElo "2082"]
[BlackElo "2315"]

1.e4 d6 2.d4 Nf6 3.Nc3 c6 4.f4 Qa5 5.e5 Ne4 6.Qf3 d5 7.Bd3 g6 8.Ne2 h5 9.h3 Bf5
10.O-O Nxc3 11.bxc3 e6 12.g4 hxg4 13.hxg4 Bxd3 14.cxd3 Nd7 15.Bd2 Ba3 16.Rab1 O-O-O
17.Rf2 Rdf8 18.Ng3 Be7 19.Be1 Qa4 20.Rfb2 b6 21.c4 Kb7 22.Ne2 dxc4 23.Bb4 Bxb4
24.Rxb4 Qxa2 25.R1b2 Qa3 26.Rxc4 Nb8 27.Rbc2 Qe7 28.Nc3 Qh4 29.Rxc6 Qe1+
30.Kg2 Qh1+  0-1

[Event "11th Marienbad Open"]
[Site "Marianske Lazne CZE"]
[Date "2012.01.28"]
[Round "9"]
[White "Semenova,Ir"]
[Black "Simon,Pete GER"]
[Result "1-0"]
[WhiteElo "2220"]
[BlackElo "2161"]

1.e4 d6 2.d4 Nf6 3.Nc3 e5 4.Nf3 Nbd7 5.Bc4 Be7 6.O-O O-O 7.a4 a5 8.Re1 c6
9.Ba2 exd4 10.Nxd4 Nc5 11.h3 Be6 12.Nxe6 fxe6 13.e5 Nd5 14.Ne4 dxe5 15.Qg4 Nf6
16.Nxf6+ Bxf6 17.Be3 Qe7 18.Qc4 Na6 19.Qxe6+ Qxe6 20.Bxe6+ Kh8 21.c3 Nc7
22.Bb3 Nd5 23.Bc4 Rfd8 24.g3 b6 25.Bxd5 Rxd5 26.Bxb6 Rd2 27.Rab1 Kg8 28.Be3 Rd3
29.Red1 Rad8 30.Rxd3 Rxd3 31.Kf1 e4 32.Ke2 Rd7 33.Rd1 Rb7 34.Rd2 Kf7 35.Kd1 Ke6
36.Kc2 h5 37.h4 g6 38.Bc5 Be5 39.Rd8 Rf7 40.Rg8 Kd5 41.Be3 Rf6 42.Ra8 Bc7
43.Ra7 Bd8 44.Rd7+ Rd6 45.Rxd6+ Kxd6 46.b4 Kd5 47.Kb3 Bc7 48.c4+ Ke6 49.b5  1-0

[Event "Moscow Open 2012 A"]
[Site "Moscow RUS"]
[Date "2012.01.28"]
[Round "1.81"]
[White "Anfinogenov,A"]
[Black "Efanov,N"]
[Result "1/2-1/2"]
[WhiteElo "2109"]
[BlackElo "2418"]

1.d4 d6 2.e4 Nf6 3.Nc3 c6 4.Nf3 Bg4 5.Be2 e6 6.O-O Be7 7.Be3 O-O 8.Qd2 d5
9.e5 Nfd7 10.Bg5 c5 11.Bxe7 Qxe7 12.Ne1 cxd4 13.Nxd5 Qc5 14.Bxg4 Nxe5 15.Bxe6 fxe6
16.Nf4 Qd6 17.Ned3 Nbc6 18.Rfe1 Rf6 19.Nxe5 Nxe5 20.Nd3 Ng4 21.f4 Qd5 22.h3 Ne3
23.Re2 Rc8 24.Rae1 Rxc2 25.Nb4 Rxd2 26.Nxd5 exd5 27.Rxd2 Rxf4 28.b3 h5 29.Rc1 h4
30.Rf2 Re4 31.Rc8+ Kh7 32.Rc7 a5 33.Rff7 d3 34.Rf2 Kg6 35.Rd2 Nf5 36.Rxd3 d4
37.Kf2 Ng3 38.Rc2 Rf4+ 39.Rf3 Re4 40.Rd3 Kh6 41.a4 Rf4+ 42.Rf3 Re4 43.Rd3  1/2-1/2

[Event "Moscow Open Women 2012"]
[Site "Moscow RUS"]
[Date "2012.01.28"]
[Round "1.25"]
[White "Fominykh,M"]
[Black "Morozova,Ulia"]
[Result "1-0"]
[WhiteElo "2253"]
[BlackElo "1880"]

1.e4 d6 2.d4 Nf6 3.Nc3 e5 4.Nge2 Nbd7 5.g3 Be7 6.Bg2 O-O 7.O-O a6 8.a4 b6
9.h3 Bb7 10.g4 c6 11.Be3 b5 12.Ng3 exd4 13.Bxd4 b4 14.Nce2 c5 15.Be3 Ne5
16.g5 Nfd7 17.f4 Nc4 18.Bc1 Ndb6 19.Nf5 Re8 20.Neg3 Bf8 21.a5 Nc8 22.b3 Nxa5
23.Bb2 d5 24.exd5 Ne7 25.Ne3 Ng6 26.Nef5 Ne7 27.Ne3 Ng6 28.Ngf5 Nh4 29.Nxh4 Rxe3
30.Nf5 Re8 31.Qd2 Qb6 32.Kh2 Rad8 33.c4 Bc8 34.Ng3 Nb7 35.Be4 g6 36.f5 Bg7
37.fxg6 hxg6 38.Bxg7 Kxg7 39.Rf6 Rd6 40.Raf1 Nd8 41.Bxg6 Rxf6 42.Rxf6 Qa5
43.Qc2 Qa1 44.Bxf7 Nxf7 45.Qg6+  1-0

[Event "17th HIT Open A"]
[Site "Nova Gorica SLO"]
[Date "2012.01.28"]
[Round "2"]
[White "Lazar,Ales ST"]
[Black "Menon,Michele"]
[Result "1-0"]
[WhiteElo "2161"]
[BlackElo "1786"]

1.e4 d6 2.d4 Nf6 3.Nc3 c6 4.Nf3 Bg4 5.Be2 e6 6.h3 Bh5 7.Nh4 Bxe2 8.Qxe2 Be7
9.Nf3 Nbd7 10.O-O O-O 11.b3 b5 12.d5 cxd5 13.exd5 e5 14.Qxb5 Qc7 15.Bb2 Nh5
16.Qe2 Nf4 17.Qd2 Nb6 18.Rac1 Qb7 19.Rfd1 Rac8 20.Kh2 Nc4 21.bxc4 Qxb2 22.Rb1 Qa3
23.Rb7 Bd8 24.Nb5 Qc5 25.Nxa7 Ra8 26.Nc6 Qxc4 27.g3 Ng6 28.Qd3 Qc5 29.Rd2 f5
30.Rb5 Qa3 31.Qxa3 Rxa3 32.Rb3 Rxa2 33.c3 Ra1 34.Rb7 Ba5 35.Rc2 Ra3 36.Ra7 Rxc3
37.Rxc3 Bxc3 38.Rd7 e4 39.Ng5 f4 40.Nxe4 fxg3+ 41.fxg3 Be5 42.Kg2 Ra8 43.h4 Ra2+
44.Kf3 Ra3+ 45.Kg4 Ra4 46.Kf5 Bxg3 47.Rd8+ Kf7 48.Ng5+  1-0

[Event "17th HIT Open A"]
[Site "Nova Gorica SLO"]
[Date "2012.01.28"]
[Round "4"]
[White "Sambo,P"]
[Black "Menon,Michele"]
[Result "0-1"]
[WhiteElo "1679"]
[BlackElo "1786"]

1.e4 d6 2.d4 Nf6 3.Nc3 c6 4.Nf3 Bg4 5.Be2 e6 6.O-O Be7 7.e5 Nd5 8.Nxd5 cxd5
9.exd6 Bxd6 10.c3 O-O 11.Be3 Nc6 12.h3 Bxf3 13.Bxf3 b5 14.Be2 Rb8 15.b4 e5
16.dxe5 Bxe5 17.Rc1 a6 18.Qd2 d4 19.cxd4 Nxd4 20.Rfd1 Nxe2+ 21.Qxe2 Qf6 22.Qg4 h6
23.f4 Bb2 24.Rc2 Rbd8 25.Rb1 Bd4 26.Qf3 Qf5 27.Rcc1 Rfe8 28.Rb3 Rxe3 29.Rxe3 Qd3
30.Rc3 Qxc3  0-1

[Event "TCh-BEL 2011-12"]
[Site "Belgium BEL"]
[Date "2012.01.29"]
[Round "7.7"]
[White "Laurent,B"]
[Black "Vandenbussche,T"]
[Result "1-0"]
[WhiteElo "2372"]
[BlackElo "2362"]

1.e4 d6 2.d4 Nf6 3.Nc3 Nbd7 4.g4 h6 5.h3 e5 6.Nge2 b5 7.a3 Bb7 8.Bg2 Be7
9.Ng3 O-O 10.Nxb5 Ba6 11.Nc3 exd4 12.Qxd4 Re8 13.b3 Nxe4 14.Nh5 Nef6 15.Be3 Nxh5
16.gxh5 Bf6 17.Qd2 d5 18.O-O-O Qe7 19.Kb2 Ne5 20.Bd4 Nd3+ 21.cxd3 Bxd4 22.Bxd5 Qc5
23.Bxa8 Qxc3+ 24.Qxc3 Re2+ 25.Kc1 Bxc3 26.Rhg1 Bc8 27.Bd5 c6 28.Bc4 Bxh3
29.Rg3 Bf5 30.Rf3 g6 31.hxg6 Bxg6 32.Rg1 Kh8 33.Bxf7 Bxf7 34.Rxf7 Bb2+ 35.Kb1 Bxa3
36.Rg6 Rb2+ 37.Ka1 Rxb3 38.Rxc6 Kg8 39.Rxa7 Rxd3 40.Rg6+ Kf8 41.Rxh6 Kg8
42.Rg6+ Kf8 43.Kb1 Bc5 44.Rb7 Rd1+ 45.Kc2 Rf1 46.Rf6+ Kg8 47.f3 Bd4 48.Rf5 Rg1
49.Kd3 Bg7 50.Rf4 Rd1+ 51.Ke2 Rh1 52.Rg4 Kh8 53.Kf2 Bc3 54.Rc4  1-0

[Event "ch-Belgrade 2012"]
[Site "Belgrade SRB"]
[Date "2012.01.29"]
[Round "8.14"]
[White "Stamatovic,A"]
[Black "Jovanovic,ST"]
[Result "1/2-1/2"]
[WhiteElo "2207"]
[BlackElo "2274"]

1.e4 d6 2.d4 Nf6 3.Nc3 e5 4.dxe5 dxe5 5.Qxd8+ Kxd8 6.Bc4 Be6 7.Bxe6 fxe6
8.a3 a6 9.Nf3 Bd6 10.Be3 Ke7 11.h3 b5 12.O-O Nc6 13.b4 Rhb8 14.Rfb1 a5 15.bxa5 Rxa5
16.Nd2 b4 17.Nc4 Raa8 18.axb4 Rxa1 19.Rxa1 Rxb4 20.Nd2 Nd4 21.Ra2 Rb6 22.f3 Rc6
23.Bxd4 exd4 24.Ne2 e5 25.g3 g5 26.Kg2 h5 27.f4 gxf4 28.gxf4 exf4 29.Nxd4 Rc3
30.Ra6 Kd7 31.Ra5 Rg3+ 32.Kh2 Re3 33.N2f3 Rxe4 34.Rf5 Ke7 35.Nc6+ Kd7 36.Rxf6 Kxc6
37.Rh6 Kd7 38.Rh7+ Ke8 39.Rxh5 Re2+ 40.Kg1 Rxc2 41.Rf5 Rc5 42.Rxc5 Bxc5+
43.Kf1 Kf7 44.Ke2 Kf6 45.Kd3 Kf5 46.Nh4+ Kg5 47.Nf3+ Kf5 48.Nh4+ Kf6 49.Ke4 Bd6
50.Nf3 Kg6 51.Nh4+ Kh5 52.Nf3 Kg6 53.Nd4 Kf6 54.Nf3 Ke6 55.Nd4+ Kf6 56.Nf3  1/2-1/2

[Event "Gibraltar Open"]
[Site "Caleta ENG"]
[Date "2012.01.29"]
[Round "6.24"]
[White "Kuipers,S"]
[Black "Sargissian,G"]
[Result "1/2-1/2"]
[WhiteElo "2391"]
[BlackElo "2683"]

1.e4 d6 2.d4 Nf6 3.Nc3 e5 4.Nf3 Nbd7 5.Bc4 Be7 6.O-O O-O 7.Re1 a6 8.a4 b6
9.Bd5 Nxd5 10.exd5 f6 11.Ne4 Bb7 12.c4 c6 13.dxe5 Nxe5 14.Nd4 Qd7 15.Ne6 Nxc4
16.Nxf8 Bxf8 17.Qd4 cxd5 18.Nc3 Rc8 19.f3 Ne5 20.b3 Nc6 21.Qxd5+ Kh8 22.Bb2 Ne5
23.Qd2 Qf7 24.Ne2 Qxb3 25.Nd4 Qd3 26.Rad1 Qxd2 27.Rxd2 Kg8 28.Nf5 Bc6 29.Rc1 d5
30.Rxd5 Bxd5 31.Rxc8 Be6 32.Ra8 Bxf5 33.Ba3 Nd7 34.Bxf8 Nxf8 35.Rxa6 Nd7
36.a5 bxa5 37.Rxa5 Be6 38.Kf2 Kf7 39.Ra7 g5 40.Ra6 Ne5 41.Ra7+ Kg6 42.h3 h5
43.Ra4 Nd3+ 44.Ke3 Nf4 45.Kf2 h4 46.Ra5 Bd5 47.Ra3 Kf5 48.Ra6 Ke5 49.Ra4 Bc6
50.Ra6 Bd7 51.Ra7 Be6 52.Ra4 Bd5 53.Ra6 f5 54.Rh6 Kd4 55.Rh8 Nd3+ 56.Ke2 Bc4
57.Rd8+ Ke5 58.Ke3 f4+ 59.Kd2 Nc5 60.Re8+ Kd6 61.Re1 Ne6 62.Rc1 Bd5 63.Ke2 g4
64.hxg4 h3 65.Kf2 hxg2 66.Kxg2 Ke5 67.Rc3 Kd4 68.Ra3 Nc5 69.Kf2 Nd3+ 70.Ke2 Bc4
71.Ra8 Ne5+ 72.Kf2 Nd3+ 73.Ke2 Nb2+ 74.Kf2 Nd3+ 75.Ke2  1/2-1/2

[Event "Gibraltar Open"]
[Site "Caleta ENG"]
[Date "2012.01.29"]
[Round "6.119"]
[White "Randlov,Carsten"]
[Black "Skutta,B"]
[Result "0-1"]
[WhiteElo "1831"]
[BlackElo "2078"]

1.e4 d6 2.d4 Nf6 3.Nc3 c6 4.f4 Qa5 5.Bd3 e5 6.Nf3 exd4 7.Nxd4 g6 8.O-O Bg7
9.Kh1 O-O 10.Nf3 Nbd7 11.Qe1 Nc5 12.Qh4 Nxd3 13.cxd3 Bd7 14.e5 dxe5 15.fxe5 Ng4
16.d4 Qd8 17.Ng5 h6 18.Nce4 Bf5 19.Nd6 hxg5 20.Bxg5 f6 21.Rxf5 gxf5 22.Nxf5 Nf2+
23.Qxf2 fxg5 24.g4 Qd5+ 25.Kg1 Rae8 26.Qe3 Rf7 27.Qxg5 Rxf5 28.Qxf5 Qxd4+
29.Qf2 Qxg4+ 30.Qg3 Qd4+ 31.Qf2 Qxe5 32.Rf1 Rf8 33.Qg2 Qd4+ 34.Kh1 Rxf1+
35.Qxf1 Qd5+  0-1

[Event "Gibraltar Open"]
[Site "Caleta ENG"]
[Date "2012.01.29"]
[Round "6.75"]
[White "Knudsen,JesW"]
[Black "Sanchez,Lo"]
[Result "0-1"]
[WhiteElo "1892"]
[BlackElo "2261"]

1.e4 d6 2.d4 Nf6 3.Nc3 Nbd7 4.Nf3 e5 5.Be2 Be7 6.h3 c6 7.a4 O-O 8.Be3 exd4
9.Nxd4 Nc5 10.Bf3 a5 11.g4 Re8 12.g5 Nfxe4 13.Nxe4 Nxe4 14.Bxe4 Bxg5 15.Qd3 Bxe3
16.fxe3 Qh4+ 17.Kd2 Qxe4 18.Raf1 d5 19.Rh2 Bd7 20.Rf4 Qxd3+ 21.cxd3 Re5 22.Rhf2 f6
23.R2f3 Rc8 24.Rg3 Kf7 25.Nf3 Rf5 26.Rh4 h5 27.e4 Rxf3 28.Rxf3 g5 29.exd5 gxh4
30.dxc6 Bxc6 31.Rf4 Kg6 32.Rxh4 Bd7  0-1

[Event "TCh-CZE Liga 1 Zapad"]
[Site "Czech Rep CZE"]
[Date "2012.01.29"]
[Round "7.2"]
[White "Fiala,R"]
[Black "Spacek,P"]
[Result "0-1"]
[WhiteElo "2288"]
[BlackElo "2398"]

1.e4 d6 2.d4 Nf6 3.Nc3 e5 4.Nf3 Nbd7 5.Bc4 Be7 6.g4 Nxg4 7.Rg1 Nb6 8.Be2 g6
9.a4 a5 10.b3 h5 11.Bb2 Bh4 12.Rg3 Bxg3 13.hxg3 h4 14.gxh4 Rxh4 15.Nxh4 Qxh4
16.Bxg4 Bxg4 17.Qd3 O-O-O 18.d5 f5 19.Bc1 Qh1+ 20.Qf1 Qf3 21.Qd3 Rh8 22.Qxf3 Bxf3
23.Kd2 Rh4 24.Bb2 Bxe4 25.Rg1 Nxd5 26.Nxd5 Bxd5 27.Rxg6 Rh2 28.Ke2 Be4 29.c4 Rh3
30.Rg8+ Kd7 31.Rg7+ Kc6 32.Rg6 Rxb3 33.Bxe5 Bd3+  0-1

[Event "Moscow Open Women 2012"]
[Site "Moscow RUS"]
[Date "2012.01.29"]
[Round "2.30"]
[White "Kisteneva,L"]
[Black "Avdeenko,T"]
[Result "1/2-1/2"]
[WhiteElo "1989"]
[BlackElo "2203"]

1.e4 d6 2.d4 Nf6 3.Nc3 e5 4.dxe5 dxe5 5.Qxd8+ Kxd8 6.Bc4 Be6 7.Bxe6 fxe6
8.Nf3 Bd6 9.O-O a6 10.Be3 Ke7 11.a3 Nbd7 12.Rad1 Rhg8 13.Nd2 g5 14.Nc4 Ng4
15.Bc1 Bc5 16.h3 Ngf6 17.Be3 Bxe3 18.Nxe3 g4 19.hxg4 Nxg4 20.Nxg4 Rxg4 21.f3 Rg3
22.Ne2 Rg5 23.Kf2 Rag8 24.g3 Nf6 25.Ke3 Rd8 26.Rxd8 Kxd8 27.Rd1+ Ke7 28.Rh1 Rh5
29.Rxh5 Nxh5 30.g4 Nf6 31.Nc1 Nd7 32.f4 exf4+ 33.Kxf4 Kf6 34.Nd3 e5+ 35.Kg3 Kg5
36.Ne1 h5 37.gxh5 Kxh5 38.Nd3 Kg5 39.Kf3 a5 40.a4 b6 41.b3 c6  1/2-1/2

[Event "Moscow Open F 2012"]
[Site "Moscow RUS"]
[Date "2012.01.29"]
[Round "2.8"]
[White "Chenchik,A"]
[Black "Piskunov,A"]
[Result "0-1"]
[WhiteElo "2098"]
[BlackElo "2318"]

1.d4 d6 2.e4 Nf6 3.Nc3 Nbd7 4.Nf3 e5 5.Bc4 Be7 6.O-O O-O 7.Qe2 c6 8.a4 exd4
9.Nxd4 Re8 10.Kh1 d5 11.exd5 Bc5 12.Qd1 Nb6 13.Bb3 Nbxd5 14.Nxd5 Nxd5 15.c3 Qh4
16.Qf3 Bxd4 17.cxd4 Qxd4 18.Be3 Qxb2 19.Bxd5 cxd5 20.Qxd5 Be6 21.Qg5 b6 22.Rab1 Qa3
23.Bd4 Qf8 24.Ra1 f6 25.Qg3 Kh8 26.h4 Rad8 27.Be3 Rd5 28.Rfc1 Rh5 29.Kg1 Qb4
30.Rc7 Rg8 31.Rxa7 Rxh4 32.f3 Rc4 33.Qf2 Rgc8 34.Bxb6 Rc1+ 35.Rxc1 Rxc1+  0-1

[Event "Moscow Open 2012 A"]
[Site "Moscow RUS"]
[Date "2012.01.29"]
[Round "2.88"]
[White "Dzhangobegov,V"]
[Black "Lagashin,P"]
[Result "1-0"]
[WhiteElo "2343"]
[BlackElo "2107"]

1.e4 d6 2.d4 Nf6 3.Nc3 e5 4.dxe5 dxe5 5.Qxd8+ Kxd8 6.f4 Bb4 7.Bd3 Nc6 8.Nf3 exf4
9.Bxf4 Be6 10.O-O-O Kc8 11.Nb5 Nh5 12.Be3 Rd8 13.a3 Ba5 14.Be2 Bb6 15.Rxd8+ Kxd8
16.Bg5+ f6 17.Bd2 g6 18.Nc3 Bc5 19.Rd1 Ke8 20.Nd5 Bd6 21.Bc3 Kf7 22.Rf1 Nf4
23.Bc4 Bxd5 24.exd5 Ne7 25.g3 Nfxd5 26.Ng5+ Kg7 27.Ne6+ Kf7 28.Ng5+ Kg7 29.Bxf6+ Nxf6
30.Ne6+ Kh6 31.Rxf6 Nc6 32.g4 Nd8 33.g5+ Kh5 34.Nf8 Be7 35.Nxh7 Bxf6 36.gxf6 Kh6
37.Nf8 Nf7 38.Nd7 Rd8 39.Nc5 Ne5 40.Ne6 Rd7 41.Nc5 Rh7 42.Bg8 Rh8 43.f7 Nxf7
44.Bxf7 Rf8 45.Bc4 Rf4 46.Bd3 b6 47.Nd7 g5 48.Ne5 Kg7 49.h3 Kf6 50.Ng4+ Ke6
51.Be2 Kd5 52.Kd2 Ke4 53.Ba6 Kf3 54.Ne5+ Kg3 55.Bc8 Rf8 56.Bg4 Rf6 57.Nc4 c5
58.Ke3 Rf1 59.Nd6 Rb1 60.Ne4+ Kh4 61.Kf3 Rf1+ 62.Kg2 Rf4 63.Nd6 Rxg4+ 64.hxg4 Kxg4
65.Nc8 Kf4 66.Nxa7 Ke3 67.Nc8 b5 68.Nd6 b4 69.a4 Kd2 70.a5  1-0

[Event "Moscow Open F 2012"]
[Site "Moscow RUS"]
[Date "2012.01.29"]
[Round "2.5"]
[White "Gorozhankina,J"]
[Black "Matsenko,S"]
[Result "0-1"]
[WhiteElo "2129"]
[BlackElo "2460"]

1.e4 d6 2.d4 Nf6 3.Nc3 Nbd7 4.Nf3 e5 5.Bc4 Be7 6.O-O O-O 7.Re1 c6 8.a4 Rb8
9.b3 b6 10.Bb2 a6 11.Bd3 Qc7 12.Qd2 Re8 13.Rad1 b5 14.axb5 axb5 15.Ne2 Bf8
16.dxe5 dxe5 17.Ng3 g6 18.Bf1 h6 19.h3 Nc5 20.Qe3 Nfd7 21.Bc3 Bg7 22.Bb4 Nb7
23.Qc1 Nf8 24.Bd2 Kh7 25.c4 bxc4 26.bxc4 Ne6 27.Bc3 c5 28.Bd3 Nd4 29.Nxd4 cxd4
30.Bb4 Nc5 31.Bxc5 Qxc5 32.Qc2 Be6 33.Rb1 Rbc8 34.Rec1 Bf6 35.Nf1 Rc7 36.Qe2 Rec8
37.Rb2 Qa3 38.Rbc2 Bg5 39.Nd2 Qa4 40.Qe1 Kg7 41.Ra1 Bxd2 42.Rxd2 Qd7 43.Ra5 Qd6
44.Rc2 Bxc4 45.Bxc4 Rxc4 46.Rxc4 Rxc4 47.Rd5 Qc7 48.Qe2 Rc5  0-1

[Event "Moscow Open 2012 A"]
[Site "Moscow RUS"]
[Date "2012.01.29"]
[Round "2.27"]
[White "Ageichenko,G"]
[Black "Kabanov,N"]
[Result "0-1"]
[WhiteElo "2344"]
[BlackElo "2522"]

1.e4 d6 2.d4 Nf6 3.Nc3 e5 4.Nf3 Nbd7 5.g3 c6 6.a4 b6 7.Bg2 Ba6 8.Bf1 Bxf1
9.Kxf1 Be7 10.Kg2 O-O 11.Re1 Qc7 12.b3 Rfe8 13.Ba3 exd4 14.Nxd4 g6 15.Qd2 a6
16.f3 b5 17.Nde2 Qb8 18.axb5 axb5 19.Bb2 Rxa1 20.Bxa1 b4 21.Nd1 d5 22.exd5 Nxd5
23.Nd4 Qa8 24.Bb2 N7f6 25.c4 bxc3 26.Nxc3 Bc5 27.Ne4 Nxe4 28.Rxe4 Rxe4 29.fxe4 Nf6
30.Nf5 Nxe4 31.Nh6+ Kf8 32.Qf4 Qe8 33.Be5 Qd7 34.Qxe4 Qd2+ 35.Kf3 Qxh6 36.Qxc6 Qe3+  0-1

[Event "Moscow Open Women 2012"]
[Site "Moscow RUS"]
[Date "2012.01.30"]
[Round "3"]
[White "Paikidze,N"]
[Black "Borisova,E"]
[Result "1-0"]
[WhiteElo "2411"]
[BlackElo "2219"]

1.e4 d6 2.d4 Nf6 3.Nc3 e5 4.Nf3 Nbd7 5.Bc4 Be7 6.O-O O-O 7.Re1 c6 8.a4 b6
9.Ba2 a6 10.Be3 Bb7 11.dxe5 dxe5 12.Nh4 b5 13.Nf5 b4 14.Nb1 c5 15.Nd2 g6
16.Nxe7+ Qxe7 17.Bg5 Kg7 18.a5 h6 19.Bh4 Rfd8 20.Qe2 Nf8 21.f4 exf4 22.e5 g5
23.exf6+ Qxf6 24.Bf2 Re8 25.Qc4 Ne6 26.Ne4 Qg6 27.Nd6 Re7 28.Nxb7 Rxb7 29.Bxc5 g4
30.Bd4+ Kh7 31.c3  1-0

[Event "Moscow Open Women 2012"]
[Site "Moscow RUS"]
[Date "2012.01.30"]
[Round "3"]
[White "Kovanova,B"]
[Black "Grigorian,Mar"]
[Result "1-0"]
[WhiteElo "2383"]
[BlackElo "2205"]

1.e4 d6 2.d4 Nf6 3.Nc3 e5 4.Nf3 Nbd7 5.Bc4 Be7 6.O-O O-O 7.a4 c6 8.Re1 exd4
9.Nxd4 Ne5 10.Bf1 Re8 11.h3 Bd7 12.f4 Ng6 13.Be3 Bf8 14.Bd3 Qc7 15.Qf3 Rad8
16.g4 Bc8 17.Nf5 d5 18.e5 Nd7 19.h4 Bb4 20.h5 Ngf8 21.Bf2 Nc5 22.h6 Nfe6
23.hxg7 Nxd3 24.cxd3 Nxg7 25.Nh6+ Kf8 26.d4 Re6 27.Qh3 Rg6 28.Kh1 Ne6 29.f5 Ng5
30.Qh5 Rg7 31.Bh4 Ke8  1-0

[Event "Gibraltar Open"]
[Site "Caleta ENG"]
[Date "2012.01.31"]
[Round "8.71"]
[White "Compton,A"]
[Black "Sanchez,Lo"]
[Result "1-0"]
[WhiteElo "2051"]
[BlackElo "2261"]

1.e4 d6 2.d4 Nf6 3.Nc3 Nbd7 4.Nf3 e5 5.g4 Nxg4 6.Rg1 Ngf6 7.Be3 c6 8.Qd3 b5
9.O-O-O Qa5 10.a3 Ba6 11.dxe5 dxe5 12.Rg5 h6 13.Rxe5+ Nxe5 14.Nxe5 Qc7 15.Nxc6 Qxc6
16.e5 Be7 17.exf6 Bxf6 18.Bc5 Be7 19.Bxe7 Kxe7 20.Bg2 Qe6 21.Nd5+  1-0

[Event "Gibraltar Open"]
[Site "Caleta ENG"]
[Date "2012.01.31"]
[Round "8.70"]
[White "Bisby,D"]
[Black "Carlsten,P"]
[Result "1/2-1/2"]
[WhiteElo "2264"]
[BlackElo "2030"]

1.e4 d6 2.d4 Nf6 3.Nc3 e5 4.Nf3 Nbd7 5.Bc4 Be7 6.O-O O-O 7.Re1 c6 8.a4 a5
9.Ba2 Qb6 10.Rb1 Re8 11.Ng5 Rf8 12.Be3 Qc7 13.h3 h6 14.Nf3 Re8 15.Qd2 Bf8
16.Nh4 Nb6 17.Ng6 Be6 18.Bxe6 Rxe6 19.Nxf8 Rxf8 20.b3 Nbd7 21.Rbd1 Rc8 22.dxe5 dxe5
23.f3 Nf8 24.Qf2 Ra8 25.Ne2 b5 26.Ra1 b4 27.Qg3 c5 28.Rad1 Rc6 29.c4 Kh7
30.Nc1 Ne6 31.Nd3 Nd7 32.Qg4 Nd4 33.Bxd4 cxd4 34.f4 f6 35.Rf1 Kg8 36.f5 Nc5
37.Nxc5 Rxc5 38.Rd3 Qf7  1/2-1/2